Birds of the strait of Gibraltar

Αποθηκεύτηκε σε:
Λεπτομέρειες βιβλιογραφικής εγγραφής
Κύριος συγγραφέας: Finlayson, Clive 1955-
Μορφή: Βιβλίο
Γλώσσα:English
Δημοσίευση: London : T & A D Poyser, c1992
Θέματα:
Ετικέτες: Προσθήκη ετικέτας
Δεν υπάρχουν, Καταχωρήστε ετικέτα πρώτοι!

MARC

LEADER 00000nam a2200000 i 4500
001 1/68700
008 981026s1992 eng d
020 |a 0-85661-066-6 
035 |l 10030248 
040 |a GR-MY-UA  |b    |e aacr 
041 0 |a eng 
082 0 |a 598.09468 
100 1 |a Finlayson, Clive  |d 1955- 
245 1 0 |a Birds of the strait of Gibraltar /  |c by Clive Finlayson 
260 |a London :   |b T & A D Poyser,   |c c1992 
300 |a 534 p. 
504 |a Includes bibliographical references and index 
650 0 0 |a Birds  |z Gibraltar, Strait of. 
852 |a INST  |b LESVOS  |e 19981026  |h 598.09468 FIN  |p 005100018535  |q 005100018535  |t BK  |y 0 
901 |a BIBL-1999-1 
909 |a Λ  |b 059527 
922 |a 1ΕΛΗ  |b 199809  |c ΚΠΣ/ΤΠ  |d ΠΑΠΑΣΩΤΗΡΙΟΥ 
950 |a 107-1998-07-08